| 000 | 01745cam a22003377a 4500 | ||
|---|---|---|---|
| 999 |
_c329622 _d329622 |
||
| 001 | 15022037 | ||
| 003 | NUST | ||
| 005 | 20170516121402.0 | ||
| 008 | 070925s2008 onca b 001 0 eng d | ||
| 010 | _a 2006908593 | ||
| 020 | _a0534952895 | ||
| 020 | _a9780534952891 | ||
| 035 | _a(OCoLC)ocm85377766 | ||
| 040 |
_aCPS _cCPS _dBAKER _dYDXCP _dBTCTA _dDLC |
||
| 042 | _alccopycat | ||
| 050 | 0 | 0 |
_aTA1145 _b.H64 2008 |
| 082 | _a624 HOE | ||
| 100 | 1 |
_aHoel, Lester A. _9853 |
|
| 245 | 1 | 0 |
_aTransportation infrastructure engineering : _ba multimodal integration / _cLester A. Hoel, Nicholas J. Garber, Adel W. Sadek. |
| 260 |
_aToronto : _bThomson Nelson, _cc2008. |
||
| 300 |
_ax, 674 p. : _bill. ; _c24 cm. |
||
| 504 | _aIncludes bibliographical references and index. | ||
| 505 | 0 | _aOverview of transportation -- Transportation systems models -- Human, vehicle, and travelway characteristics -- Transportation capacity analysis -- Transportation planning and evaluation -- Geometric design of travelways -- Structural design of travelways -- Transportation safety -- Intelligent transportation and information technology. | |
| 650 | 0 |
_aTransportation engineering. _9854 |
|
| 700 | 1 |
_aGarber, Nicholas J. _9855 |
|
| 700 | 1 |
_aSadek, Adel W. _q(Adel Wadid) _9856 |
|
| 856 | 4 | 1 |
_3Table of contents _uhttp://www.loc.gov/catdir/toc/fy0801/2006908593.html |
| 856 | 4 | 2 |
_3Contributor biographical information _uhttp://www.loc.gov/catdir/enhancements/fy1302/2006908593-b.html |
| 856 | 4 | 2 |
_3Publisher description _uhttp://www.loc.gov/catdir/enhancements/fy1302/2006908593-d.html |
| 906 |
_a7 _bcbc _ccopycat _d2 _encip _f20 _gy-gencatlg |
||
| 942 |
_2ddc _cBK |
||